Domination and the Arts of Resistance: (Record no. 9978)

MARC details
000 -LEADER
fixed length control field 00387nam a22001457a 4500
008 - FIXED-LENGTH DATA ELEMENTS--GENERAL INFORMATION
fixed length control field 240810b |||||||| |||| 00| 0 eng d
020 ## - INTERNATIONAL STANDARD BOOK NUMBER
International Standard Book Number 9780300056693
082 ## - DEWEY DECIMAL CLASSIFICATION NUMBER
Classification number 303.6
100 ## - MAIN ENTRY--PERSONAL NAME
Personal name Scott, James C.
245 ## - TITLE STATEMENT
Title Domination and the Arts of Resistance:
Remainder of title Hidden Transcripts
260 ## - PUBLICATION, DISTRIBUTION, ETC.
Place of publication, distribution, etc. UK:
Name of publisher, distributor, etc. Yale,
Date of publication, distribution, etc. 1990.
300 ## - PHYSICAL DESCRIPTION
Extent xviii, 251 p.;
Dimensions 23.5 Cm.
942 ## - Added entry Elements (Koha)
Source of classification or shelving scheme Dewey Decimal Classification
Holdings
Withdrawn status Lost status Source of classification or shelving scheme Damaged status Not for loan Collection code Home library Current library Shelving location Date acquired Serial Enumeration / chronology Total Checkouts Full call number Barcode Date last seen Price effective from Koha item type
    Dewey Decimal Classification     Main TEST RTC Library RTC Library Main opac 10/08/2024 18617   303.6 SCO 30019664 10/08/2024 10/08/2024 Main
Royal Thimphu College || All Right Reserved